Англо-русский словарь по прокатке металлов: более 7 000 терминов

Библиографические подробности
Другие авторы: Саксонов Г. М. Григорий Михайлович (составитель), Королев А. А. Андрей Андреевич (редактор)
Язык:русский
Опубликовано: Москва, Физматгиз, 1963
Предметы:
Формат: Книга
Запись в KOHA:https://koha.lib.tpu.ru/cgi-bin/koha/opac-detail.pl?biblionumber=318288

MARC

LEADER 00000nam0a2200000 4500
001 318288
005 20231102003048.0
035 |a (RuTPU)RU\TPU\book\343786 
090 |a 318288 
100 |a 20160425d1963 km y0rusy50 ca 
101 0 |a rus 
102 |a RU 
105 |a y e 001zy 
200 1 |a Англо-русский словарь по прокатке металлов  |e более 7 000 терминов  |f сост. Г. М. Саксонов ; под ред. А. А. Королева 
210 |a Москва  |c Физматгиз  |d 1963 
215 |a 181 с. 
606 1 |a Прокатное производство  |2 stltpush  |3 (RuTPU)RU\TPU\subj\72736  |9 86140 
606 1 |a Английский язык  |x Терминологические словари  |2 stltpush  |3 (RuTPU)RU\TPU\subj\29063  |9 52475 
610 1 |a словари 
610 1 |a металлы 
610 1 |a прокатка 
610 1 |a прокатное оборудование 
610 1 |a волочильное оборудование 
610 1 |a трубы 
610 1 |a производство 
675 |a 621.771(038)  |v 4 
686 |a Ш143.21-43  |2 rubbk 
702 1 |a Саксонов  |b Г. М.  |g Григорий Михайлович  |4 220 
702 1 |a Королев  |b А. А.  |g Андрей Андреевич  |4 340 
801 1 |a RU  |b 63413507  |c 20160425 
801 2 |a RU  |b 63413507  |c 20170929  |g RCR 
942 |c BK